Centre Català Rosario : més que un centenari / més que un centenari /
Descripción Física:
239 pàgines : il·lustracions ; 18 x 19 cm
Otros Autores:
Perella i Puig, Àngel
Materias:
Centre Català de Rosario
; Centre Català de Rosario -- Centenaris, etc.
; Catalans -- Països estrangers
Idioma:
Catalán
MARC
| LEADER | 00000nam a2200000 a 4500 | ||
|---|---|---|---|
| 001 | 25782 | ||
| 005 | 20260324181117.0 | ||
| 008 | 081002s2008 ag a 000 0 cat|c | ||
| 080 | |a Bib-613 | ||
| 100 | |a García i Sedas, Pilar |9 53215 | ||
| 245 | 1 | 0 | |a Centre Català Rosario : |b més que un centenari / |c Pilar García i Sedas, Àngel Perella i Puig |
| 260 | |a Rosario (Argentina) : |b [sense editor], |c 2008 | ||
| 300 | |a 239 pàgines : |b il·lustracions ; |c 18 x 19 cm | ||
| 500 | |a Editat amb el suport de la Secretaria d'Afers Exteriors de la Vicepresidència de la Generalitat de Catalunya | ||
| 610 | 0 | |a Centre Català de Rosario |2 cantic |9 53216 | |
| 610 | 0 | |a Centre Català de Rosario |9 53217 |x Centenaris, etc. | |
| 650 | 0 | |a Catalans |x Països estrangers |9 41674 | |
| 700 | |9 53218 |a Perella i Puig, Àngel | ||
| 710 | |9 53219 |a Catalunya. |b Departament de la Vicepresidència | ||
| 940 | |a UB | ||
| 942 | |2 udc |c ARXIU |n 1 | ||
| 952 | |0 0 |1 0 |4 0 |6 BIB613 |7 1 |9 62174 |a Arxiu |b Arxiu |d 2022-06-03 |l 0 |o Bib-613 |p 25782 |r 2022-06-03 00:00:00 |w 2022-06-03 |y ARXIU | ||
| 999 | |c 81862 |d 81862 | ||